[Event "TCh-CHN 2017"]
[Site "China CHN"]
[Date "2017.12.02"]
[Round "19.5"]
[Board "1"]
[White "Moiseenko, Alexander"]
[Black "Wei, Yi"]
[Result "1/2-1/2"]
[WhiteTitle "GM"]
[BlackTitle "GM"]
[WhiteElo "2667"]
[BlackElo "2743"]
[WhiteTeam "Chengdu"]
[BlackTeam "Jiangsu"]
[WhiteFideId "14102560"]
[BlackFideId "8603405"]
[EventDate "2017.04.18"]

1. d4 Nf6 2. c4 e6 3. Nf3 d5 4. Nc3 c5 5. cxd5 Nxd5 6. e4 Nxc3 7. bxc3 cxd4 8.
cxd4 Bb4+ 9. Bd2 Bxd2+ 10. Qxd2 O-O 11. Rc1 b6 12. Bd3 Ba6 13. O-O Bxd3 14. Qxd3
Nd7 15. h3 Rc8 16. Qa3 Nf6 17. Rxc8 Qxc8 18. Qxa7 Qc6 19. Rb1 Nxe4 20. Qxb6 Qxb6
21. Rxb6 Ra8 22. a3 h6 23. Rb3 Rc8 24. Rb1 Ra8 25. Rb3 Rc8 26. Rb1 Ra8 1/2-1/2

[Event "TCh-CHN 2017"]
[Site "China CHN"]
[Date "2017.12.02"]
[Round "19.5"]
[Board "2"]
[White "Liu, Guanchu"]
[Black "Lin, Chen"]
[Result "1/2-1/2"]
[WhiteTitle "IM"]
[BlackTitle "GM"]
[WhiteElo "2462"]
[BlackElo "2477"]
[WhiteTeam "Chengdu"]
[BlackTeam "Jiangsu"]
[WhiteFideId "8603901"]
[BlackFideId "8602298"]
[EventDate "2017.04.18"]

1. e4 e5 2. Nf3 Nc6 3. Nc3 Nf6 4. d4 exd4 5. Nxd4 Bb4 6. Nxc6 bxc6 7. Bd3 O-O 8.
O-O d5 9. exd5 cxd5 10. Bg5 c6 11. Qf3 Rb8 12. Ne2 Bg4 13. Bxf6 Bxf3 14. Bxd8
Bxe2 15. Bxe2 Rfxd8 16. g3 g6 17. Rfd1 Be7 18. b3 Bf6 19. Rab1 Kf8 20. Kg2 a5
21. a4 Re8 22. Bf3 Bc3 23. Rd3 Bf6 24. Rdd1 Bc3 25. Rd3 Bf6 26. Rdd1 Bc3 27. Rd3
Bf6 1/2-1/2

[Event "TCh-CHN 2017"]
[Site "China CHN"]
[Date "2017.12.02"]
[Round "19.5"]
[Board "3"]
[White "Xu, Xiangyu"]
[Black "Yu, Ruiyuan"]
[Result "1-0"]
[WhiteTitle "GM"]
[BlackTitle "GM"]
[WhiteElo "2549"]
[BlackElo "2499"]
[WhiteTeam "Chengdu"]
[BlackTeam "Jiangsu"]
[WhiteFideId "8608288"]
[BlackFideId "8603090"]
[EventDate "2017.04.18"]

1. c4 c6 2. d4 d5 3. Nf3 Nf6 4. Nc3 dxc4 5. a4 e6 6. e4 Bb4 7. e5 Nd5 8. Bd2 b5
9. axb5 Bxc3 10. bxc3 cxb5 11. Ng5 h6 12. Ne4 O-O 13. Nd6 b4 14. Bxc4 bxc3 15.
Bc1 Nc6 16. Ba3 Ncb4 17. O-O a5 18. Bxb4 Nxb4 19. Qf3 Ba6 20. Qxc3 Qc7 21. Rfc1
Bxc4 22. Qxc4 Qxc4 23. Rxc4 Rfb8 24. g3 Ra6 25. Ne4 Nd5 26. Rca4 Rba8 27. Nc5
R6a7 28. Nb3 Nc3 29. Rc4 Nd5 30. Rca4 Nc3 31. Rc4 Nd5 32. Ra3 Ra6 33. Kg2 Ne7
34. Rc7 Nc6 35. Nc5 Rb6 36. Na4 Rba6 37. Nc5 Rb6 38. Rf3 Nd8 39. Re7 Nc6 40. Rd7
Nd8 41. Rf4 Rb4 42. d5 Rxf4 43. gxf4 exd5 44. f5 Nc6 45. e6 fxe6 46. fxe6 a4 47.
Rd6 Ne7 48. Rd7 Ng6 49. e7 Kf7 50. Rd8 1-0

[Event "TCh-CHN 2017"]
[Site "China CHN"]
[Date "2017.12.02"]
[Round "19.5"]
[Board "4"]
[White "Guo, Qi"]
[Black "Lagno, Kateryna"]
[Result "0-1"]
[WhiteTitle "IM"]
[BlackTitle "GM"]
[WhiteElo "2396"]
[BlackElo "2547"]
[WhiteTeam "Jiangsu"]
[BlackTeam "Chengdu"]
[WhiteFideId "8604002"]
[BlackFideId "14109336"]
[EventDate "2017.04.18"]

1. d4 Nf6 2. c4 g6 3. Nc3 d5 4. cxd5 Nxd5 5. e4 Nxc3 6. bxc3 Bg7 7. Nf3 c5 8.
Bb5+ Nc6 9. O-O O-O 10. Be3 Bg4 11. dxc5 Qc8 12. Bxc6 bxc6 13. h3 Rd8 14. Qe2
Bxf3 15. Qxf3 Qe6 16. a3 h5 17. Rab1 Rd3 18. Rfc1 Rad8 19. Rd1 Rxd1+ 20. Rxd1
Rxd1+ 21. Qxd1 Qxe4 22. Bd4 h4 23. Qg4 Qxg4 24. hxg4 f5 25. gxf5 gxf5 26. f3 e5
27. Bf2 Bf6 28. Kf1 Kf7 29. Ke2 Ke6 30. Kd3 Kd5 31. c4+ Ke6 32. Be1 Bg5 33. a4
Be7 34. Bf2 Kf7 35. Be1 Kg6 36. Bc3 Bf6 37. Bd2 Kh5 38. Be1 Bg5 39. Bc3 Bf4 40.
Be1 Bg3 41. Bc3 h3 42. gxh3 Kh4 43. Ke2 Kxh3 44. Kf1 a6 45. Bb2 Bf4 46. Kf2 Kh4
47. Bc3 e4 48. fxe4 fxe4 49. Bd4 Kg4 50. Ke2 Kf5 51. Bf2 Be5 52. Bg1 Bb2 53. Bf2
Ke5 54. Bg1 Bc1 55. Bf2 Kf4 56. Bd4 e3 57. Bg7 Ke4 58. Bf6 Ba3 59. Bg7 Bxc5 60.
Bf6 Bd4 61. Bg5 Bc5 62. Bf6 Bd6 63. Bg7 c5 64. Bb2 Be5 65. Ba3 Bd6 66. Bb2 Bf4
67. a5 Bc7 68. Bc1 Kd4 69. Bxe3+ Kxc4 70. Bd2 Kb5 71. Kd3 Bxa5 72. Bc1 Bb4 73.
Kc2 a5 74. Bb2 a4 75. Kb1 Kc4 76. Kc2 a3 77. Bc1 a2 78. Bb2 Be1 0-1

[Event "TCh-CHN 2017"]
[Site "China CHN"]
[Date "2017.12.02"]
[Round "19.5"]
[Board "5"]
[White "Shen, Yang"]
[Black "Ren, Xiaoyi"]
[Result "1-0"]
[WhiteTitle "IM"]
[WhiteElo "2465"]
[BlackElo "2254"]
[WhiteTeam "Jiangsu"]
[BlackTeam "Chengdu"]
[WhiteFideId "8603162"]
[BlackFideId "8608709"]
[EventDate "2017.04.18"]

1. d4 d5 2. Nf3 Nf6 3. c4 c6 4. Nbd2 Bf5 5. Qb3 Qc7 6. g3 e6 7. Bg2 Be7 8. Nh4
Bg4 9. Ndf3 Nbd7 10. h3 Bh5 11. Bf4 dxc4 12. Qxc4 Qa5+ 13. Bd2 Qb6 14. g4 Qxb2
15. O-O Ne4 16. Be3 Bg6 17. Nxg6 hxg6 18. Rfb1 Qa3 19. Ne5 Nd6 20. Qc2 Nb6 21.
Bc1 Qa6 22. a4 O-O 23. a5 Nbc4 24. Nd7 Nxa5 25. Bd2 Qc4 26. Qb2 Rfd8 27. Ne5
Qxe2 28. Bxa5 Qxb2 29. Rxb2 Rdc8 30. Bb4 Rc7 31. Rab1 a5 32. Ra2 Nb5 33. Bxe7
Rxe7 34. Nxc6 bxc6 35. Rxb5 cxb5 36. Bxa8 Ra7 37. Bc6 b4 38. Ba4 Rc7 39. Rc2 Rb7
40. Rc8+ Kh7 41. Rc5 b3 42. Rb5 Rd7 43. d5 exd5 44. Bxb3 d4 45. Rxa5 d3 46. Rd5
Rxd5 47. Bxd5 d2 48. Bb3 Kh6 49. Kg2 Kg5 50. Kg3 Kf6 51. Kf4 g5+ 52. Ke3 Ke5 53.
Kxd2 Kf4 54. Bxf7 Ke4 1-0

[Event "TCh-CHN 2017"]
[Site "China CHN"]
[Date "2017.12.02"]
[Round "19.6"]
[Board "1"]
[White "Zhao, Jun"]
[Black "Peng, Xiongjian"]
[Result "1/2-1/2"]
[WhiteTitle "GM"]
[WhiteElo "2604"]
[BlackElo "2410"]
[WhiteTeam "Shandong"]
[BlackTeam "Hebei"]
[WhiteFideId "8602522"]
[BlackFideId "8610550"]
[EventDate "2017.04.18"]

1. e4 c5 2. Ne2 d6 3. g3 g6 4. Bg2 Bg7 5. c3 Nc6 6. d4 Nf6 7. dxc5 dxc5 8. Qxd8+
Nxd8 9. Nf4 Nc6 10. Na3 Rb8 11. O-O O-O 12. Nd5 b6 13. Bf4 Ba6 14. Rfe1 Rbc8 15.
Rad1 Rfd8 16. Bh3 e6 17. Nc7 Rxd1 18. Rxd1 Be2 19. Rd2 Bg4 20. Bxg4 Nxg4 21. Na6
Nge5 22. Kg2 Kf8 23. Bxe5 Bxe5 24. f4 Bf6 25. e5 Rd8 26. Nc4 Rxd2+ 27. Nxd2 Bd8
28. Kf3 f6 29. Ke4 fxe5 30. fxe5 Ke7 31. b4 cxb4 32. Nxb4 Kd7 33. Nxc6 Kxc6 34.
Nb3 Be7 35. Nd4+ Kd7 36. a4 a6 37. Nf3 Kc6 38. Nd4+ Kd7 39. Nf3 Kc6 40. Nd4+ Kd7 1/2-1/2

[Event "TCh-CHN 2017"]
[Site "China CHN"]
[Date "2017.12.02"]
[Round "19.6"]
[Board "2"]
[White "Wen, Yang"]
[Black "Zhao, Zong-Yuan"]
[Result "1/2-1/2"]
[WhiteTitle "GM"]
[BlackTitle "GM"]
[WhiteElo "2605"]
[BlackElo "2543"]
[WhiteTeam "Shandong"]
[BlackTeam "Hebei"]
[WhiteFideId "8602956"]
[BlackFideId "3202534"]
[EventDate "2017.04.18"]

1. e4 e5 2. Nf3 Nc6 3. Bb5 a6 4. Ba4 Nf6 5. O-O Be7 6. d3 b5 7. Bb3 d6 8. a3 O-O
9. Nc3 Na5 10. Ba2 Be6 11. b4 Nb7 12. Bxe6 fxe6 13. Ne2 a5 14. Bd2 Qd7 15. Ng3
c5 16. c3 Rfc8 17. Re1 Bd8 18. h3 h6 19. Be3 Bb6 20. Re2 Ra6 21. Rb1 cxb4 22.
Bxb6 Rxb6 23. cxb4 axb4 24. axb4 Nd8 25. d4 Nf7 26. dxe5 Nxe5 27. Nxe5 dxe5 28.
Rd2 Qe7 29. Nh5 Rbc6 30. Nxf6+ Qxf6 1/2-1/2

[Event "TCh-CHN 2017"]
[Site "China CHN"]
[Date "2017.12.02"]
[Round "19.6"]
[Board "3"]
[White "Bu, Xiangzhi"]
[Black "Wan, Yunguo"]
[Result "1-0"]
[WhiteTitle "GM"]
[BlackTitle "GM"]
[WhiteElo "2730"]
[BlackElo "2486"]
[WhiteTeam "Shandong"]
[BlackTeam "Hebei"]
[WhiteFideId "8601445"]
[BlackFideId "8603189"]
[EventDate "2017.04.18"]

1. c4 Nf6 2. Nc3 e5 3. g3 d5 4. cxd5 Nxd5 5. Bg2 Nb6 6. d3 Be7 7. a4 a5 8. Nf3
Nc6 9. O-O O-O 10. Be3 Re8 11. Rc1 Bf8 12. d4 exd4 13. Nxd4 Nxd4 14. Qxd4 Qxd4
15. Bxd4 c5 16. Be3 Bd7 17. Nb5 Nxa4 18. Nc7 Rxe3 19. fxe3 Rc8 20. Bd5 Rxc7 21.
Rxf7 Bc6 22. Rxc7+ Bxd5 23. e4 Be6 24. Rxb7 c4 25. Rd1 Nc5 26. Rb8 g6 27. Rd6
Bh3 28. Rdd8 Ne6 29. Rd7 a4 30. Kf2 Nc5 31. Ra7 Be6 32. Ke3 Bf7 33. Raa8 Ne6 34.
Rxa4 Nc5 35. Ra7 Kg7 36. e5 Ne6 37. Ke4 Bc5 38. Rxf7+ Kxf7 39. Kd5 Be7 40. Kxc4
Nc5 41. Kd5 Na6 42. Rb6 Nb4+ 43. Kd4 Nc2+ 44. Ke4 Nb4 45. g4 h5 46. gxh5 gxh5
47. Kf5 Nd5 48. e6+ Kg7 49. Rb7 Kf8 50. e4 1-0

[Event "TCh-CHN 2017"]
[Site "China CHN"]
[Date "2017.12.02"]
[Round "19.6"]
[Board "4"]
[White "Zhai, Mo"]
[Black "Zhang, Xiaowen"]
[Result "1-0"]
[WhiteTitle "WGM"]
[BlackTitle "WGM"]
[WhiteElo "2302"]
[BlackElo "2332"]
[WhiteTeam "Hebei"]
[BlackTeam "Shandong"]
[WhiteFideId "8600201"]
[BlackFideId "8603219"]
[EventDate "2017.04.18"]

1. d4 d5 2. c4 e6 3. Nc3 Nf6 4. Bg5 Be7 5. e3 O-O 6. Nf3 Nbd7 7. Qc2 c5 8. Rd1
Qa5 9. Bh4 cxd4 10. Nxd4 dxc4 11. Bxc4 Ne5 12. Be2 Ng6 13. Bg3 e5 14. Nb3 Qb6
15. O-O Be6 16. Bd3 Bd6 17. Bf5 Bc4 18. Rfe1 Rfd8 19. Nd2 Ba6 20. Nde4 Nxe4 21.
Bxe4 Rac8 22. Bf5 Rc6 23. Qd2 Qa5 24. a3 Ne7 25. Be4 Rcc8 26. Qc2 h6 27. Rd2 Qb6
28. Red1 Bc4 29. Na4 Qa6 30. Nc3 Qb6 31. Na4 Qa6 32. Bxe5 Be2 33. Nc3 Bxd1 34.
Qxd1 f5 35. Bf3 Bxe5 36. Rxd8+ Kh7 37. Rxc8 Nxc8 38. Qb3 Nd6 39. g3 Qc4 40. Qxc4
Nxc4 41. Bxb7 Nxb2 42. Nb5 Nc4 43. Bc8 Kg6 44. Be6 a6 45. Bxc4 axb5 46. Bxb5 Kf6
47. Bd7 Bc7 48. Kg2 g5 49. Kf3 h5 50. h3 g4+ 51. Kg2 gxh3+ 52. Kxh3 Kg5 53. Kg2
Ba5 54. Kf3 Be1 55. Ke2 Ba5 56. Be8 h4 57. f4+ Kg4 58. gxh4 Kxh4 59. Kf3 1-0

[Event "TCh-CHN 2017"]
[Site "China CHN"]
[Date "2017.12.02"]
[Round "19.6"]
[Board "5"]
[White "Muzychuk, Mariya"]
[Black "Zhang, Lanlin"]
[Result "1-0"]
[WhiteTitle "GM"]
[WhiteElo "2544"]
[BlackElo "2183"]
[WhiteTeam "Hebei"]
[BlackTeam "Shandong"]
[WhiteFideId "14114550"]
[BlackFideId "8608032"]
[EventDate "2017.04.18"]

1. d4 d5 2. c4 c6 3. Nf3 Nf6 4. e3 e6 5. Bd3 Nbd7 6. O-O Bd6 7. Nc3 O-O 8. e4
dxe4 9. Nxe4 Nxe4 10. Bxe4 Nf6 11. Bc2 h6 12. Ne5 c5 13. Bf4 Qb6 14. b4 Qxb4 15.
Nd3 Qb6 16. dxc5 Bxc5 17. Rb1 Qc6 18. Nxc5 Qxc5 19. Bd6 Qh5 20. Bxf8 Qxd1 21.
Bxd1 Kxf8 22. Bf3 Rb8 23. c5 b6 24. cxb6 axb6 25. Rb4 e5 26. Re1 Be6 27. a4 Nd7
28. Bc6 Rc8 29. Bb5 Rc5 30. f4 f6 31. Rd1 Ke7 32. Bxd7 Bxd7 33. fxe5 Rxe5 34.
Rxb6 Bxa4 35. Rb7+ Kf8 36. Ra1 Be8 37. Raa7 Rg5 38. Kf2 h5 39. g3 Kg8 40. h4 Rg4
41. Rb8 Kf8 42. Kf3 f5 43. Ra5 g6 44. Re5 1-0

[Event "TCh-CHN 2017"]
[Site "China CHN"]
[Date "2017.12.03"]
[Round "20.1"]
[Board "1"]
[White "Fang, Yan"]
[Black "Bu, Xiangzhi"]
[Result "0-1"]
[BlackTitle "GM"]
[WhiteElo "2426"]
[BlackElo "2730"]
[WhiteTeam "Beijing"]
[BlackTeam "Shandong"]
[WhiteFideId "8604746"]
[BlackFideId "8601445"]
[EventDate "2017.04.18"]

1. e4 g6 2. d4 Bg7 3. Nc3 c6 4. Bc4 d6 5. Nf3 Nf6 6. e5 dxe5 7. Nxe5 O-O 8. O-O
Nbd7 9. Bg5 Nb6 10. Bb3 a5 11. a3 a4 12. Ba2 Nfd5 13. Bh4 Be6 14. Nxd5 Bxd5 15.
Bxd5 cxd5 16. Re1 Nc8 17. Qd3 Nd6 18. Bxe7 Qxe7 19. Nxg6 Qxe1+ 20. Rxe1 hxg6 21.
c3 Rfe8 22. Rxe8+ Rxe8 23. g3 Nc4 24. Kg2 Bf8 25. h4 Re6 26. h5 b5 27. Qf3 Rd6
28. hxg6 fxg6 29. Qe2 Kf7 30. g4 Be7 31. Kg3 Rf6 32. Kg2 Ke8 33. g5 Rd6 34. f4
Kf7 35. Kf3 Re6 36. Qh2 Kg7 37. Qh6+ Kg8 38. f5 Bf8 39. fxe6 Bxh6 40. gxh6 Nd6
41. Kf4 Nf5 42. Ke5 Nxh6 43. Kf6 Kf8 44. Kxg6 Ng4 45. Kf5 Ne3+ 46. Kf6 Nc4 0-1

[Event "TCh-CHN 2017"]
[Site "China CHN"]
[Date "2017.12.03"]
[Round "20.1"]
[Board "2"]
[White "Yu, Yangyi"]
[Black "Wen, Yang"]
[Result "1-0"]
[WhiteTitle "GM"]
[BlackTitle "GM"]
[WhiteElo "2751"]
[BlackElo "2605"]
[WhiteTeam "Beijing"]
[BlackTeam "Shandong"]
[WhiteFideId "8603820"]
[BlackFideId "8602956"]
[EventDate "2017.04.18"]

1. d4 d5 2. c4 c6 3. Nf3 Nf6 4. Nc3 e6 5. Bg5 h6 6. Bh4 dxc4 7. e4 g5 8. Bg3 b5
9. Be2 Bb7 10. Qc2 Nbd7 11. Nd2 Qb6 12. Rd1 Be7 13. a4 a6 14. O-O h5 15. h3 h4
16. Bh2 g4 17. hxg4 h3 18. Bg3 hxg2 19. Kxg2 Rg8 20. f3 Rc8 21. Rh1 Ba8 22. Rh3
c5 23. d5 exd5 24. exd5 Nxd5 25. Nxc4 Qe6 26. axb5 Nxc3 27. bxc3 Rxg4 28. Qd2
Rd8 29. Qe3 axb5 30. Ne5 Rxg3+ 31. Rxg3 c4 32. Rg8+ Bf8 33. Kf2 Bd5 34. Rxd5
Qxd5 35. Nxc4+ 1-0

[Event "TCh-CHN 2017"]
[Site "China CHN"]
[Date "2017.12.03"]
[Round "20.1"]
[Board "3"]
[White "Li, Chao b"]
[Black "Zhao, Jun"]
[Result "1-0"]
[WhiteTitle "GM"]
[BlackTitle "GM"]
[WhiteElo "2732"]
[BlackElo "2604"]
[WhiteTeam "Beijing"]
[BlackTeam "Shandong"]
[WhiteFideId "8604436"]
[BlackFideId "8602522"]
[EventDate "2017.04.18"]

1. d4 Nf6 2. c4 e6 3. Nf3 d5 4. Nc3 Be7 5. Bf4 O-O 6. e3 b6 7. Qc2 Ba6 8. Ne5
Bb7 9. Be2 dxc4 10. Bxc4 Nbd7 11. O-O c5 12. Rad1 Qc8 13. Nxd7 Qxd7 14. Be2 cxd4
15. Rxd4 Qc6 16. Bf3 Qc8 17. Qd1 Rd8 18. Rxd8+ Bxd8 19. Be5 Be7 20. Nb5 Ne8 21.
Qe2 a6 22. Nc3 Bf6 23. Bxf6 Nxf6 24. Rd1 b5 25. h3 h6 26. a3 Bxf3 27. Qxf3 Ra7
28. Rd6 Rd7 29. Qc6 Qxc6 30. Rxc6 Rd2 31. Rxa6 Rxb2 32. Rb6 Nd5 33. Rxb5 Rd2 34.
Rb8+ Kh7 35. Rd8 Rd3 36. Nxd5 exd5 37. a4 Rd1+ 38. Kh2 Ra1 39. Ra8 d4 40. exd4
Rd1 41. Kg3 Rxd4 42. Kf3 h5 43. a5 Ra4 44. a6 h4 45. Ke3 g6 46. Kd3 Ra2 47. Kc4
Rxf2 48. Rd8 Ra2 49. Kb5 Rb2+ 50. Kc6 Rc2+ 51. Kb7 Rb2+ 52. Ka8 Rxg2 53. a7 Rb2
54. Rb8 Ra2 55. Kb7 g5 56. a8=Q Rxa8 57. Rxa8 Kg6 58. Kc6 Kf5 59. Ra4 Ke5 60.
Rg4 1-0

[Event "TCh-CHN 2017"]
[Site "China CHN"]
[Date "2017.12.03"]
[Round "20.1"]
[Board "4"]
[White "Ning, Kaiyu"]
[Black "Zhao, Xue"]
[Result "0-1"]
[BlackTitle "GM"]
[WhiteElo "2169"]
[BlackElo "2477"]
[WhiteTeam "Shandong"]
[BlackTeam "Beijing"]
[WhiteFideId "8614750"]
[BlackFideId "8601283"]
[EventDate "2017.04.18"]

1. Nf3 Nf6 2. c4 e6 3. e3 b6 4. b3 Bb7 5. Bb2 d6 6. d4 Nbd7 7. Be2 g5 8. h3 Rg8
9. g4 c5 10. dxc5 bxc5 11. Nbd2 a5 12. a4 Nb8 13. Nb1 Bg7 14. Na3 Na6 15. Nb5
Ke7 16. Rg1 h6 17. Nd2 Nb4 18. Bc3 Ne4 19. Bxg7 Rxg7 20. f3 Nf6 21. Kf2 Qb6 22.
Qc1 Rd8 23. Qb2 Rgg8 24. Rad1 Bc6 25. e4 Nd7 26. Nb1 Ne5 27. Nxd6 f6 28. Nb5
Nbd3+ 29. Bxd3 Rxd3 30. Nd2 Rgd8 31. Qc2 Bxb5 32. axb5 Qd6 33. Ke2 Qd4 0-1

[Event "TCh-CHN 2017"]
[Site "China CHN"]
[Date "2017.12.03"]
[Round "20.1"]
[Board "5"]
[White "Zhang, Xiaowen"]
[Black "Wang, Jue"]
[Result "1/2-1/2"]
[WhiteTitle "WGM"]
[BlackTitle "WGM"]
[WhiteElo "2332"]
[BlackElo "2359"]
[WhiteTeam "Shandong"]
[BlackTeam "Beijing"]
[WhiteFideId "8603219"]
[BlackFideId "8604070"]
[EventDate "2017.04.18"]

1. e4 e5 2. Nf3 Nc6 3. Nc3 Nf6 4. Bb5 Bc5 5. O-O O-O 6. d3 Re8 7. Bg5 a6 8. Ba4
h6 9. Bh4 b5 10. Bb3 Be7 11. Bg3 d6 12. a4 Rb8 13. axb5 axb5 14. Nd5 Nxd5 15.
Bxd5 Nb4 16. Bb3 c5 17. c3 Nxd3 18. Qxd3 c4 19. Bxc4 bxc4 20. Qxc4 Rxb2 21. Ra8
Qd7 22. Ne1 Bb7 23. Rxe8+ Qxe8 24. Nd3 Rb5 25. f3 Qc6 26. Qa4 Bg5 27. Bf2 Rb6
28. Qa7 Rb3 29. h4 Bd2 30. Nb4 Qxc3 31. Qxb7 Rxb4 32. Qa8+ Kh7 33. Qd5 Kg8 34.
Qa8+ Kh7 35. Qd5 Kg8 36. Qa8+ 1/2-1/2

[Event "TCh-CHN 2017"]
[Site "China CHN"]
[Date "2017.12.03"]
[Round "20.2"]
[Board "1"]
[White "Wan, Yunguo"]
[Black "Xu, Xiangyu"]
[Result "1-0"]
[WhiteTitle "GM"]
[BlackTitle "GM"]
[WhiteElo "2486"]
[BlackElo "2549"]
[WhiteTeam "Hebei"]
[BlackTeam "Chengdu"]
[WhiteFideId "8603189"]
[BlackFideId "8608288"]
[EventDate "2017.04.18"]

1. e4 c6 2. d4 d5 3. e5 c5 4. dxc5 e6 5. a3 Bxc5 6. b4 Bb6 7. Nf3 Ne7 8. Bb2 Ng6
9. h4 h5 10. g3 Nc6 11. Bd3 Bd7 12. O-O Nge7 13. Nbd2 Nf5 14. Bxf5 exf5 15. c4
f4 16. cxd5 fxg3 17. Ne4 O-O 18. dxc6 Bxc6 19. Qc2 gxf2+ 20. Rxf2 Bxe4 21. Qxe4
Bxf2+ 22. Kxf2 Rc8 23. Re1 Rc6 24. Ng5 g6 25. Re2 Qd1 26. Kg2 Rfc8 27. Rf2 Rc2
28. Bd4 Rc1 29. Kh3 Qg1 30. Qf3 R8c7 31. Ne4 Qd1 32. Nf6+ Kh8 33. Qxd1 Rxd1 34.
Bb2 Rc6 35. b5 Rd3+ 36. Kg2 Rb6 37. a4 Re6 38. Ne4 b6 39. Ng5 Kg8 40. Nxe6 fxe6
41. Bc1 Rd5 42. Rc2 Rxe5 43. Rc8+ Kf7 44. Rc7+ 1-0

[Event "TCh-CHN 2017"]
[Site "China CHN"]
[Date "2017.12.03"]
[Round "20.2"]
[Board "2"]
[White "Peng, Xiongjian"]
[Black "Moiseenko, Alexander"]
[Result "0-1"]
[BlackTitle "GM"]
[WhiteElo "2410"]
[BlackElo "2667"]
[WhiteTeam "Hebei"]
[BlackTeam "Chengdu"]
[WhiteFideId "8610550"]
[BlackFideId "14102560"]
[EventDate "2017.04.18"]

1. d4 Nf6 2. c4 e6 3. Nc3 Bb4 4. e3 O-O 5. Ne2 Re8 6. a3 Bf8 7. g3 d5 8. cxd5
exd5 9. Bg2 a5 10. O-O Na6 11. Nf4 c6 12. f3 b5 13. Qc2 Bb7 14. Rd1 Rc8 15. Qf2
b4 16. axb4 axb4 17. Nce2 c5 18. dxc5 Nxc5 19. Nd4 Qb6 20. Bd2 g5 21. Bh3 gxf4
22. gxf4 Ra8 23. Kh1 Rxa1 24. Rxa1 Kh8 25. Qh4 Bg7 26. Rg1 Rg8 27. Rg3 Ne6 28.
Nf5 d4 29. Nxg7 Nxg7 30. e4 Bxe4 31. fxe4 Nxe4 32. Be1 Nxg3+ 33. Qxg3 Qc6+ 34.
Qg2 Qc1 35. Qd2 Qxd2 36. Bxd2 Ne6 37. Bf5 b3 38. Be4 Nc5 39. Bf5 Re8 40. Bb4 Ne4
41. Kg2 d3 42. Kf1 d2 43. Bg4 Rb8 44. Ba3 Ra8 0-1

[Event "TCh-CHN 2017"]
[Site "China CHN"]
[Date "2017.12.03"]
[Round "20.2"]
[Board "3"]
[White "Zhao, Zong-Yuan"]
[Black "Li, Di"]
[Result "1/2-1/2"]
[WhiteTitle "GM"]
[BlackTitle "IM"]
[WhiteElo "2543"]
[BlackElo "2485"]
[WhiteTeam "Hebei"]
[BlackTeam "Chengdu"]
[WhiteFideId "3202534"]
[BlackFideId "8607508"]
[EventDate "2017.04.18"]

1. c4 e6 2. Nc3 d5 3. d4 Nf6 4. cxd5 exd5 5. Bg5 c6 6. e3 Be7 7. Bd3 Nbd7 8.
Nge2 O-O 9. O-O Re8 10. Rb1 h6 11. Bh4 Ne4 12. Bxe7 Qxe7 13. b4 Ndf6 14. Bxe4
dxe4 15. Nf4 Qd6 16. h3 Bf5 17. Qa4 g5 18. Nfe2 Qe6 19. Kh2 Qd6+ 20. Kg1 Qe6 21.
Kh2 Qd6+ 22. Kg1 Qe6 23. Kh2 1/2-1/2

[Event "TCh-CHN 2017"]
[Site "China CHN"]
[Date "2017.12.03"]
[Round "20.2"]
[Board "4"]
[White "Lagno, Kateryna"]
[Black "Zhai, Mo"]
[Result "1-0"]
[WhiteTitle "GM"]
[BlackTitle "WGM"]
[WhiteElo "2547"]
[BlackElo "2302"]
[WhiteTeam "Chengdu"]
[BlackTeam "Hebei"]
[WhiteFideId "14109336"]
[BlackFideId "8600201"]
[EventDate "2017.04.18"]

1. e4 c5 2. Nf3 d6 3. d4 cxd4 4. Nxd4 Nf6 5. Nc3 a6 6. Be3 e5 7. Nf3 Be7 8. Bc4
Be6 9. Bb3 Nc6 10. O-O Na5 11. Nd5 Nxd5 12. Bxd5 Bxd5 13. Qxd5 Rc8 14. Bd2 Nc6
15. c4 Qb6 16. Qd3 O-O 17. b3 Qc7 18. Bc3 Nd8 19. Rac1 Ne6 20. Bd2 Qc6 21. Be3
g6 22. Qd5 Rc7 23. c5 Nf4 24. Bxf4 exf4 25. cxd6 Qxd5 26. exd5 Bxd6 27. Rxc7
Bxc7 28. Rc1 Bd6 29. Kf1 Re8 30. Nd2 Rd8 31. Ne4 Kg7 32. Ke2 Be5 33. Rd1 b6 34.
Kf3 h6 35. Rd3 g5 36. Nd2 Kf6 37. Nc4 b5 38. Na5 Rc8 39. d6 Rc2 40. d7 Bc7 41.
d8=Q+ Bxd8 42. Rxd8 Rxa2 43. b4 h5 44. h3 Rc2 45. Rd5 Kg6 46. Rc5 Rb2 47. Nc6 f5
48. Rd5 g4+ 49. hxg4 hxg4+ 50. Kxf4 Rxf2+ 51. Kg3 Rb2 52. Rd8 Rc2 53. Ne5+ Kg5
54. Nd3 Rd2 55. Rg8+ Kf6 56. Nf4 Rb2 57. Rg6+ Kf7 58. Rxa6 Rxb4 59. Ra7+ Ke8 60.
Ne6 Rb2 61. Ng7+ Kf8 62. Nxf5 b4 63. Rb7 Ke8 64. Nd4 Rb1 65. Kxg4 Kf8 66. Kg5 1-0